Espiritualidad para insatisfechos
Uloženo v:
| Hlavní autor: | |
|---|---|
| Médium: | Kniha |
| Jazyk: | španělština |
| Vydáno: |
Madrid, España:
Trotta,
2008.
|
| Vydání: | 4a. ed |
| Edice: | Colección Estucturas y Procesos
|
| Témata: | |
| Tagy: |
Přidat tag
Žádné tagy, Buďte první, kdo vytvoří štítek k tomuto záznamu!
|
MARC
| LEADER | 00000cam a2200000 a 4500 | ||
|---|---|---|---|
| 001 | UCD6525 | ||
| 003 | CL-VaPUC | ||
| 005 | 20230804102321.0 | ||
| 008 | 161216e20080000sp |||||||||||||||||spa|d | ||
| 999 | |c 366830 |d 366828 | ||
| 020 | |a 9788481648768 | ||
| 040 | |c Pontificia Universidad Católica de Valparaíso | ||
| 082 | 0 | 4 | |a 291.4 CAS 2008 |2 21 |
| 100 | |a Castillo, José María |e autor |9 314913 | ||
| 245 | 1 | 0 | |a Espiritualidad para insatisfechos |
| 250 | |a 4a. ed | ||
| 260 | |a Madrid, España: |b Trotta, |c 2008. | ||
| 300 | |a 203 páginas | ||
| 490 | 0 | |a Colección Estucturas y Procesos | |
| 583 | |a last modification |c 20161216 10:21:00 |k Rodrigo Vera | ||
| 650 | 0 | |a Espiritualidad |9 267331 | |
| 650 | 0 | |a Filosofía de la religión |9 256017 | |
| 852 | |a BIBCUR | ||
| 942 | |c BK |2 ddc | ||
| 945 | |d 20161216 10:21:00 |a dcastane | ||
| 952 | |0 0 |1 0 |3 erb |4 0 |6 291_400000000000000_CAS_2008 |7 0 |8 A |9 481384 |a BIBTEO |b BIBTEO |i 5356393 |l 1 |o 291.4 CAS 2008 |p 5356393 |q 2025-03-31 |r 2025-03-07 |s 2025-03-07 |w 2019-11-24 |y BK |z Catalogado en:20161216 |k ICR | ||
| 952 | |0 0 |1 0 |2 ddc |4 0 |6 291_400000000000000_CAS_2008 |7 0 |8 A |9 577194 |a BIBTEO |b BIBTEO |d 2020-12-16 |e 3 |g 22804.00 |i 558020K |o 291.4 CAS 2008 |p 558020K |r 2024-01-18 |t 2 |v 22804.00 |w 2020-12-16 |y BK |k ICR | ||